000 00540nmm a2200169Ia 4500
008 251105s9999||||xx |||||||||||||||||und||
020 _a9788477339977
041 _aspa
100 _aPinilla Navarro, Vicente
245 0 _aGestión y usos del agua en la cuenca del Ebro en el siglo XX
264 _a[Madrid, España] :
_bPrensas Universitarias de Zaragoza,
_c2008
300 _a759 páginas
490 _aCiencias sociales
650 _aEnvironmental Sciences
856 _uhttps://public.digitaliapublishing.com/a/2120
942 _cCF
999 _c85319
_d85319